000
00213 a2200097 4500
001
29412
100
_a
245
_a
Key english figurative expression
260
_a
_b
Collier macmillan
_c
090
_c
19624
_d
19624
942
_a
NUST-CAE
_c
M
_c
10696
999
_c
264485
_d
264485